Vnímanie kvality pri poskytovaní zdravotnej starostlivosti

Gespeichert in:
Bibliographische Detailangaben
1. Verfasser: Horvátová, Diana
Weitere Verfasser: Lieskovská, Vanda, 1961-, Grüllingová, Mária
Format: Buchkapitel
Sprache:Slowakisch
Englisch
Tags: Tag hinzufügen
Keine Tags, Fügen Sie das erste Tag hinzu!

MARC

LEADER 00000nla a2200000 4500
001 0209107
005 20250701124417.7
041 0 |a slo 
041 0 |a eng 
044 |a SK 
245 1 0 |a Vnímanie kvality pri poskytovaní zdravotnej starostlivosti  |c Diana Horvátová, Vanda Lieskovská, Mária Grüllingová 
500 |a Abstrakt 
100 1 |a Horvátová, Diana 
700 1 |a Lieskovská, Vanda, 1961- 
700 1 |a Grüllingová, Mária